000 00417nam a2200157Ia 4500
008 210210b1986 xxu||||| |||| 00| 0 eng d
082 _a030.954 ROYD
100 _aROY (Ashim Kumar) and GIDWANI (N N).
245 _aDictionary of Indology.V3. L-R.
260 _aND
_bOxford & IBH Publishing Co.,
_c1986
300 _a335,ii
440 _a3
650 _aDictionary Indology
690 _aIndology
906 _a045958
999 _c95306
_d95306